000 00872nas a2200289 4500
001 BR0601910
003 BR-BrBNA
005 20231205110000.0
007 ta
008 230509b bl.|||p| |||| 00| 00por d
040 _aBR-BrBNA
_bpor
_cBiblioteca Nacional de Agricultura
041 _a(Pt)
072 _aF01; F06
100 1 _aPorto Filho, F. de Q.
100 1 _aMedeiros, J.F. de
100 1 _aSousa Neto, E.R. de
100 1 _aGheyi, H.R.
100 1 _aMatos, J. de A. de
245 1 _aViabilidade da irrigação do meloeiro com águas salinas em diferentes fases fenológicas
650 _aMELÃO
650 _aPRODUÇÃO VEGETAL
650 _aLUCRO
650 _aIRRIGAÇÃO
773 0 _tCiência Rural (Brazil)
_xISSN 0103-8478
_g(Mar-Apr 2006), v. 36(2) p. 453-459
_wBR0601910
909 _a202311
_bLúcia
_c55
_dLúcia Elande
942 _2AGRIS
_n0
_cANA
999 _c185672
_d185672